Statistics for ALW's Phantom of the Opera - The Final Lair - Missing Lyrics

Click here to take the quiz!

General Stats

  • This quiz has been taken 37 times
  • The average score is 40 of 60

Answer Stats

Answer % Correct
Have you gorged yourself at last in your lust for {blood}?
91%
Wait. I think, my dear, we have a {guest}
91%
Start a {new} life with me
87%
Show some {compassion}!
87%
Did you think that I would {harm} her?
83%
Nothing can save you now except perhaps {Christine}
83%
Raise up your hand to the level of your {eyes}!
83%
For the sins which are {YOURS}?! HaHaHaHa
83%
{Buy} his freedom with your love
83%
THIS IS THE POINT OF NO {RETURN}
83%
THE {WORLD} SHOWED NO COMPASSION TO ME!
83%
It's in your {soul} that the true distortion lies
83%
Pity comes too {late}
78%
Grow cold and turn to tears of {HATE}!
78%
Am I now to be prey to your lust for {flesh}?
78%
The tears I might have shed for your dark {fate}
78%
Your lover makes a passionate {plea}
78%
And now my {wish} comes true
78%
Turn around and {face} your fate
74%
What kind of {life} have you known
74%
Have you no {pity}?
74%
Order your fine {horses} now!
74%
Why should I make her {pay}
74%
Has also {denied} me the joys of the flesh
74%
Either way you choose HE has to {win}
70%
You try my {patience}
70%
Sir, this is indeed an unparalleled {delight}
70%
Or do you send him to his {GRAVE}?
70%
An {eternity} of this before your eyes
70%
Please, Raoul, it's {useless}!
70%
For either way you choose you cannot {win}
70%
Why make her {lie} to you to save me?
65%
THIS IS THE {CHOICE}
65%
This face which earned a mother's {fear} and loathing
65%
Say you love him and my life is {over}
65%
BE MY GUEST!... {Sir}
65%
Monsieur, I bid you {welcome}
65%
Farewell my fallen {idol} and false friend
65%
A mask my first unfeeling {scrap} of clothing
65%
I gave my {mind} blindly
61%
That fate which {condemns} me to wallow in blood
61%
You {deceived} me
61%
The final {threshold}
61%
This {haunted} face holds no horror for me now
61%
Don't throw your life away for my {sake}
61%
So do you end your {days} with me
61%
{Pitiful} creature of darkness
57%
You are not {alone}
57%
{Refuse} me and you send your lover to his death
57%
God give me {courage} to show you
52%
His life is now the {prize} which you must earn
52%
I {fought} so hard to free you
52%
This face, the {infection} which poisons our love
52%
I did it all for you and all for {nothing}
48%
Who {deserves} this?
48%
Why do you curse {mercy}?
43%
No point in {fighting}
39%
We had such hopes and now those hopes are {shattered}
35%
Past all hope of cries for {help}
35%
Too late for {prayers} and useless pity
17%

Score Distribution

Percentile by Number Answered

Percent of People with Each Score

Your Score History

You have not taken this quiz